| 000 | 00664nab a2200181 4500 | ||
|---|---|---|---|
| 001 | 244442 | ||
| 003 | OSt | ||
| 005 | 20240711080942.0 | ||
| 007 | tu | ||
| 008 | 200917s2020||||||| | ||
| 040 |
_aDE-2950 _cDE-2950 |
||
| 245 | 0 | 0 |
_aBooßen bekommt neues Gerätehaus für die Feuerwehr _bInvestition. Innenminister Stübgen überbrachte jetzt einen Fördermittelbescheid. Der millionenschwere Neubau im Ortsteil wird dringend benötigt/ _cInes Weber-Rath |
| 264 | _c2024 | ||
| 653 | _aFrankfurt (Oder) - Booßen | ||
| 653 | _aFeuerwehr-Gerätehaus | ||
| 773 | 0 |
_g35. Jahrgang (2024) Nr. 154 vom 04.07.2024, S. 13 mit Foto _tMärkische Oderzeitung |
|
| 942 |
_2z _cA |
||
| 999 |
_c373239 _d373239 |
||